Calculations in Industrial Chemistry : A Series of Solved Problems

Salvato in:
Dettagli Bibliografici
Autore principale: Horvath, Ari L. (Autore)
Natura: Libro
Lingua:inglese
Pubblicazione: Chichester : John Wiley & Sons, 1996
Tags: Aggiungi Tag
Nessun Tag, puoi essere il primo ad aggiungerne!!

MARC

LEADER 00000nam a22000003a 4500
001 stu48870
005 20190206124446.4
008 981221s1996------------------------eng-d
020 |a 0-471-96675-4 
040 |a STU  |b slo 
041 0 |a eng 
080 |a 66.021 
100 1 |a Horvath, Ari L.  |4 aut 
245 1 |a Calculations in Industrial Chemistry :  |b A Series of Solved Problems 
260 |a Chichester :  |b John Wiley & Sons,  |c 1996 
300 |a 247 s 
500 |a Lit.,index 
996 |b C95602  |c C*95602  |l CCXVI  |s P  |a 0  |w stu48870_0001